Gender differences in medical evaluations: Evidence from randomly assigned doctors (Record no. 525953)

000 -LEADER
fixed length control field 01348nam a22001457a 4500
008 - FIXED-LENGTH DATA ELEMENTS--GENERAL INFORMATION
fixed length control field 240426b ||||| |||| 00| 0 eng d
100 ## - MAIN ENTRY--PERSONAL NAME
Personal name Cabral, Marika and Dillender, Marcus
245 ## - TITLE STATEMENT
Title Gender differences in medical evaluations: Evidence from randomly assigned doctors
260 ## - PUBLICATION, DISTRIBUTION, ETC. (IMPRINT)
Place of publication, distribution, etc The American Economic Review
300 ## - PHYSICAL DESCRIPTION
Extent 114(2), Feb, 2024: p.462-499
520 ## - SUMMARY, ETC.
Summary, etc Little is known about what drives gender disparities in health care and related social insurance benefits. Using data and variation from the Texas workers' compensation program, we study the impact of gender match between doctors and patients on medical evaluations and associated disability benefits. Compared to differences among their male patient counterparts, female patients randomly assigned a female doctor rather than a male doctor are 5.2 percent more likely to be evaluated as disabled and receive 8.6 percent more subsequent cash benefits on average. There is no analogous gender-match effect for male patients. Our estimates indicate that increasing the share of female patients evaluated by female doctors may substantially shrink gender gaps in medical evaluations and associated outcomes.- Reproduced

https://www.aeaweb.org/articles?id=10.1257/aer.20220349
773 ## - HOST ITEM ENTRY
Main entry heading The American Economic Review
906 ## - LOCAL DATA ELEMENT F, LDF (RLIN)
Subject DIP GENDERS
942 ## - ADDED ENTRY ELEMENTS (KOHA)
Item type Articles
Holdings
Withdrawn status Lost status Source of classification or shelving scheme Damaged status Not for loan Permanent location Current location Date acquired Serial Enumeration / chronology Barcode Date last seen Koha item type
          Indian Institute of Public Administration Indian Institute of Public Administration 2024-04-26 114(2), Feb, 2024: p.462-499 AR131746 2024-04-26 Articles

Powered by Koha